Fysický zeměpis

Enregistré dans:
Détails bibliographiques
Auteur principal: Vitásek, František
Format: Livre
Langue:tchèque
Publié: Praha Melantrich 1949
Édition:2. přepracované a rozšířené vydání
Sujets:
Tags: Ajouter un tag
Pas de tags, Soyez le premier à ajouter un tag!

MARC

LEADER 00000nam a2200000 4500
001 0283239
005 20240416113607.2
041 0 |a cze 
044 |a CZ 
245 1 0 |a Fysický zeměpis  |c František Vitásek 
250 |a 2. přepracované a rozšířené vydání 
264 1 |a Praha  |b Melantrich  |c 1949 
300 |a 441 s. 
610 2 0 |a zemepis 
610 2 0 |a geografia 
610 2 0 |a príroda 
610 2 0 |a prostredie prírodné 
610 2 0 |a prostredie životné 
100 1 |a Vitásek, František